| 000 -LEADER |
| fixed length control field |
01041cam a22003017a 4500 |
| 001 - CONTROL NUMBER |
| control field |
15474752 |
| 005 - DATE AND TIME OF LATEST TRANSACTION |
| control field |
20171215034231.0 |
| 008 - FIXED-LENGTH DATA ELEMENTS--GENERAL INFORMATION |
| fixed length control field |
081003s2010 caua b 001 0 eng |
| 010 ## - LIBRARY OF CONGRESS CONTROL NUMBER |
| LC control number |
2008938809 |
| 020 ## - INTERNATIONAL STANDARD BOOK NUMBER |
| International Standard Book Number |
9780495601715 (student ed.) |
| 020 ## - INTERNATIONAL STANDARD BOOK NUMBER |
| International Standard Book Number |
0495601713 (student ed.) |
| 020 ## - INTERNATIONAL STANDARD BOOK NUMBER |
| International Standard Book Number |
0495596884 (looseleaf ed.) |
| 020 ## - INTERNATIONAL STANDARD BOOK NUMBER |
| International Standard Book Number |
9780495596882 (looseleaf ed.) |
| 035 ## - SYSTEM CONTROL NUMBER |
| System control number |
(OCoLC)ocn318784638 |
| 040 ## - CATALOGING SOURCE |
| Original cataloging agency |
SINIE |
| Transcribing agency |
SINIE |
| Modifying agency |
IXA |
| -- |
DLC |
| 041 ## - LANGUAGE CODE |
| Language code of text/sound track or separate title |
eng |
| 042 ## - AUTHENTICATION CODE |
| Authentication code |
lccopycat |
| 080 ## - UNIVERSAL DECIMAL CLASSIFICATION NUMBER |
| Edition identifier |
8 ED |
| Universal Decimal Classification number |
159.9 SHA |
| 082 ## - DEWEY DECIMAL CLASSIFICATION NUMBER |
| Classification number |
159.9 SHA |
| 100 1# - Rafti |
| Rafti |
48 |
| 101 ## - Shkurtesa |
| Shkurtesa |
PSI |
| 245 10 - TITLE STATEMENT |
| Title |
Developmental psychology : |
| Statement of responsibility, etc |
David Shaffer, Katherine Kipp. |
| 504 ## - BIBLIOGRAPHY, ETC. NOTE |
| Bibliography, etc |
Includes bibliographical references and index. |
| 906 ## - LOCAL DATA ELEMENT F, LDF (RLIN) |
| a |
7 |
| b |
cbc |
| c |
copycat |
| d |
3 |
| e |
ncip |
| f |
20 |
| g |
y-gencatlg |
| 942 ## - ADDED ENTRY ELEMENTS (KOHA) |
| Source of classification or shelving scheme |
|
| Item type |
Books |